| 000 | 00375nam a2200109Ia 4500 | ||
|---|---|---|---|
| 008 | 160523s9999 xx 000 0 und d | ||
| 245 | _aEmotional Intelligence - New Perspectives and Applications | ||
| 245 | _cDi Fabio, Annamaria | ||
| 260 | _c2012 | ||
| 650 | _xPsychology. | ||
| 856 | _uhttp://www.intechopen.com/books/emotional-intelligence-new-perspectives-and-applications | ||
| 999 |
_c294797 _d294797 |
||